000 01530cam a2200325 a 4500
001 4874344
003 ARRUPE
005 20140131135739.0
008 920303s1991 dcua b 000 0 eng
010 _a 92125332
020 _a155586385X (pbk.)
040 _aDLC
_cDLC
043 _an-us---
050 0 0 _aBX1407.N4
_bP57 1991
082 0 0 _a264/.02/008996073
_220
245 0 0 _aPlenty good room :
_bthe spirit and truth of African American Catholic worship /
_cSecretariat for the Liturgy and Secretariat for Black Catholics, National Conference of Catholic Bishops.
260 _aWashington, D.C. :
_bUnited States Catholic Conference,
_cc1990 [i.e. 1991]
300 _aix, 84 p. :
_bill. ;
_c23 cm.
490 0 _aPublication / United States Catholic Conference. Office for Publishing and Promotion Services ;
_vno. 385-X
500 _aCompanion document to: In spirit and truth.
504 _aIncludes bibliographical references (p. 73-84).
610 2 0 _aCatholic Church
_xLiturgy.
_97574
650 0 _aAfrican American Catholics
_xReligion.
_97575
710 2 _aCatholic Church.
_bNational Conference of Catholic Bishops.
_bBishops' Committee on the Liturgy.
_bSecretariat.
_97576
710 2 _aCatholic Church.
_bNational Conference of Catholic Bishops.
_bSecretariat for Black Catholics.
_97577
730 0 _aIn spirit and truth.
_97578
906 _a7
_bcbc
_corignew
_d2
_encip
_f19
_gy-gencatlg
942 _2lcc
_cMONOGRAPH
999 _c119842
_d119842